000 00838nam a22001815i 4500
001 160526
003 ES-MaACL
005 20250524063056.0
008 000127s1847 sp |||| | spa d
040 _aCCPB | B
_bspa
_cCCPB | B
100 1 _aNavarrete, Ramón de,
_d1818-1897
_985042
245 1 1 _a¡Ya es tarde!!
_b: comedia en tres actos /
_carreglada á la escena española por Ramon de Navarrete.
260 _aMadrid :
_b[s.n.],
_c1847 (
_fImprenta de J. Gonzalez y A. Vicente)
300 _a61 p.. ;
_c19 cm.
500 _aEn port.: Estrenada en el Teatro del Príncipe el 27 de Noviembre de 1847.
852 _aES-MaACL
_jF-8621(11)
_z-- Enc. pasta española
_q-- Falto de la cub. original
_z-- Enc. en un vol. facticio formando parte de la col. facticia "Teatro español moderno", vol. 76
999 _c160526
_d160526